[Event "Catalao op 1st"]
[Site "Catalao"]
[Date "2019.03.10"]
[Round "4"]
[White "Tufenkjian, Victor Piemonte"]
[Black "Pereira, Jeremias Fernandes"]
[Result "0-1"]
[WhiteElo "1317"]
[BlackElo "1800"]
[PlyCount "57"]
[EventDate "2019.02.09"]
[EventType "swiss"]
[EventRounds "5"]
[EventCountry "BRA"]
[SourceTitle "CBM 189 Extra"]
[Source "ChessBase"]
[SourceDate "2019.06.03"]
[SourceVersion "1"]
[SourceVersionDate "2019.06.03"]
[SourceQuality "1"]

1. e4 c6 2. d4 d5 3. Nc3 dxe4 4. Nxe4 Bf5 5. Ng3 Bg6 6. Nf3 e6 7. Ne5 Nf6 8. Bd3 Qxd4 9. Nxg6 hxg6 10. c3 Qd8 11. Bg5 Nbd7 12. Qe2 Bc5 13. 0-0-0 Qb6 14. Rhf1 Rxh2 15. Qd2 0-0-0 16. Ne4 Nxe4 17. Bxd8 Nxd2 18. Bxb6 Nb3+ 19. axb3 Bxb6 20. Be4 Nc5 21. Bc2 Rxg2 22. Rh1 Rxf2 23. b4 Nd7 24. Rh7 Be3+ 25. Kb1 Bh6 26. Bd3 Ne5 27. Be4 Nc4 28. Bd3 Nxb2 29. Bc2 0-1

[Event "Catalao op 1st"]
[Site "Catalao"]
[Date "2019.02.09"]
[Round "1"]
[White "De Oliveira, Henrique Lima"]
[Black "Pereira, Jeremias Fernandes"]
[Result "1-0"]
[WhiteElo "1427"]
[BlackElo "1800"]
[PlyCount "61"]
[EventDate "2019.02.09"]
[EventType "swiss"]
[EventRounds "5"]
[EventCountry "BRA"]
[SourceTitle "CBM 189 Extra"]
[Source "ChessBase"]
[SourceDate "2019.06.03"]
[SourceVersion "1"]
[SourceVersionDate "2019.06.03"]
[SourceQuality "1"]

1. c4 e6 2. Nc3 d5 3. cxd5 exd5 4. d4 Bb4 5. Nf3 Nf6 6. Bg5 h6 7. Bh4 0-0 8. e3 c5 9. Be2 cxd4 10. Nxd4 Nc6 11. 0-0 Nxd4 12. Qxd4 Bxc3 13. bxc3 g5 14. Bg3 Ne4 15. Bf3 Nxg3 16. hxg3 Be6 17. Rfd1 Qa5 18. Bxd5 Bxd5 19. Qxd5 Qxc3 20. Qxb7 Rfb8 21. Qf3 Rd8 22. Kh2 Kg7 23. Rac1 Qa3 24. Rc7 Rf8 25. Qd5 Rad8 26. Qe5+ Kg8 27. Rxd8 Rxd8 28. Qf6 Rf8 29. Qxh6 Qxa2 30. Qxg5+ Kh8 31. Rc6 1-0